| 000 | 00542nam a2200181Ia 4500 | ||
|---|---|---|---|
| 003 | OSt | ||
| 005 | 20200930142529.0 | ||
| 008 | 190216s9999||||xx |||||||||||||| ||und|| | ||
| 020 | _a9789380026503 | ||
| 040 | _coclc | ||
| 082 |
_a612 _bPAT/T |
||
| 100 |
_aPatil, H S Ravikumar _95212 |
||
| 245 | 0 |
_aA Textbook Of Human Physiology / _cH S Ravikumar Patil ; H K Makari |
|
| 260 |
_bI.K.International Publishing, _c2013. _aNew Delhi: |
||
| 300 | _a214p | ||
| 650 | _aZoology | ||
| 942 |
_cBK _2ddc _h612 _iPAT/T _k612 _mPAT/T |
||
| 999 |
_c37487 _d37487 |
||